Words derived from other languages #2 - Statistics

General Stats
  • This quiz has been taken 18 times
  • The average score is 9 of 12
Answer Stats
Word Language % Correct
Pork French
100%
Gateau French
100%
Kindergarten German
100%
Babushka Russian
100%
Mosquito Spanish
94%
Piano Italian
88%
Agenda Latin
75%
Ski Norwegian
69%
Chutzpah Yiddish
63%
Robot Czech
56%
Pyjamas Urdu
50%
Kerfuffle Gaelic
31%
No matching quizzes found
Score Distribution
Percent of People with Each Score
Percentile by Number Answered
Your Score History
You have not taken this quiz